Coordinate-free multivariable statistics : an illustrated geometric progression from Halmos to Gauss and Bayes /
Guardado en:
| Autor Principal: | |
|---|---|
| Formato: | Libro |
| Idioma: | English |
| Publicado: |
Oxford :
Clarendon Press,
1987.
|
| Series: | Oxford statistical science series ;
2 Oxford science publications |
| Materias: | |
| Etiquetas: |
Agregar Etiqueta
Sin Etiquetas, Sea el primero en etiquetar este registro!
|
| LEADER | 00869pam a2200253 a 4500 | ||
|---|---|---|---|
| 001 | MAT.inmabb003629 | ||
| 008 | 861217s1987####enka#####b####001#0#eng## | ||
| 005 | 20130410130639.0 | ||
| 245 | 1 | 0 | |a Coordinate-free multivariable statistics : |b an illustrated geometric progression from Halmos to Gauss and Bayes / |c Mervyn Stone. |
| 260 | |a Oxford : |b Clarendon Press, |c 1987. | ||
| 300 | |a xiv, 120 p. : |b il. ; |c 25 cm. | ||
| 440 | 0 | |a Oxford statistical science series ; |v 2 | |
| 440 | 0 | |a Oxford science publications | |
| 504 | |a Bibliografía: p. 117. | ||
| 510 | 4 | |a MR, |c 89g:62095 | |
| 020 | |a 019852210X | ||
| 100 | 1 | |a Stone, Mervyn. | |
| 650 | 0 | |a Multivariate analysis. | |
| 650 | 0 | |a Vector spaces. | |
| 650 | 0 | |a Transformations (Mathematics) | |
| 084 | |a 62H99 (62-02) |2 msc2000 | ||
| 010 | |a 86033205 | ||
| 040 | |a DLC |c DLC |d DLC | ||
| 859 | |h 62 |i St877 |p A-7532 |b BIB. MATEMATICA | ||
